000
00269nam a2200097Ia 4500
005
20251222114357.0
008
251222s1900||||xx |||||||||||||| ||spa||
082
_a
DVD0092/C27/2006
245
0
_a
Juan Pablo I, la sonrisa de Dios:Papa Luciani, Il sorriso di Dio
942
_c
DVD
999
_c
1473
_d
1473